| 000 | 00396nam a22001697a 4500 | ||
|---|---|---|---|
| 005 | 20260408104452.0 | ||
| 008 | 160627b xxu||||| |||| 00| 0 eng d | ||
| 020 | _a0-571-20053-2 | ||
| 041 | _aeng | ||
| 082 | _a823.914 | ||
| 100 |
_a Golding,William _92876 |
||
| 245 | _aLord of the flies | ||
| 260 |
_bPenguin India _c1999 |
||
| 300 | _a230 | ||
| 650 |
_aENGLISH FICTION _98925 |
||
| 942 | _cBK | ||
| 999 |
_c4169 _d4168 |
||